[Event "FIDE Chesscom Grand Swiss 2021"]
[Site "Riga"]
[Date "2021.11.01"]
[Round "6.19"]
[White "Sjugirov, Sanan"]
[Black "Yilmaz, Mustafa"]
[Result "1-0"]
[WhiteElo "2663"]
[BlackElo "2626"]
[Annotator "TA"]
[PlyCount "63"]
[EventDate "2021.10.27"]
[EventType "swiss"]
[EventCountry "LAT"]
[Tiebreak "Cut1 Buchholz+Sonneborn-Berger (Swiss)"]
[SourceTitle "playchess.com"]
[Source "ChessBase"]
[SourceQuality "1"]

{[%evp 14,63,31,14,27,24,21,16,26,14,19,-21,0,-38,-14,-27,-29,0,0,-42,6,7,0,8,
9,2,8,0,0,0,64,-19,-29,-83,-46,-62,0,0,0,0,0,-33,310,321,318,148,511,505,1085,
1060,29989,29990]} 1. e4 c5 2. Nf3 d6 3. d4 cxd4 4. Nxd4 Nf6 5. Nc3 a6 6. h3 e6
7. g4 h6 8. Bg2 Be7 {B81: Sicilian Scheveningen: Keres Attack.} 9. Be3 Nc6 10.
f4 Nd7 {The position is equal.} 11. O-O {11.Nf3 is the modern continuation.}
O-O 12. Nf3 b5 {[%cal Bb7b5,Bb5b4][%mdl 32]} 13. h4 b4 14. Na4 {[#]} e5 $146 ({
Predecessor:} 14... Nc5 15. Nxc5 dxc5 16. Qe1 a5 17. g5 Ba6 18. Rf2 h5 19. Rd2
Qc7 20. g6 fxg6 {1-0 (38) Sethuraman,S (2623)-Areshchenko,A (2656) Grosseto
Prugna 2015}) 15. f5 Nd4 16. Qd2 Nf6 17. Nxd4 exd4 18. Qxd4 Rb8 19. g5 hxg5 20.
hxg5 Ng4 21. Bf4 Bd7 {[#]} (21... Bxg5 $11 22. Qxd6 Bd7 23. Qxb8 (23. Bxg5 Qxg5
24. Qf4 Qf6 $11) 23... Qxb8 24. Bxb8 Rxb8) 22. Nc5 $1 Bb5 $1 $11 {[%cal Rb5f1]}
({Of course not} 22... dxc5 23. Qd1 $14) 23. Nd3 (23. Qd1 $11 {remains equal.}
Ne5 24. Nd3 Bxg5 25. Qh5) 23... Bxg5 {Strongly threatening ...Bf6.} 24. Qxd6
Bxf4 (24... Rc8 $1 $15 25. Qxd8 (25. Nxb4 $2 Bxf4 26. Qxf4 Qd4+ 27. Kh1 Bxf1
$19) 25... Bxd8) 25. Qxf4 Qd4+ 26. Kh1 Ne3 27. Rf2 {f6 is the strong threat.}
Rbc8 $2 {[%mdl 8192] [#]} (27... Rb6 $1 $15 {keeps the upper hand.} 28. e5 Nxc2
29. Qxd4 Nxd4 30. Nxb4 Rh6+ 31. Kg1 Ne2+ 32. Kf1 Nf4+ 33. Kg1 Rh4) 28. f6 $1
$18 {aiming for Qg5!} Rc6 {[%cal Rc6f6]} 29. Qg3 $40 {[%mdl 128] White is out
for blood.} (29. fxg7 $18 Kxg7 30. Bh3) 29... g6 $2 {[%mdl 8192] [#]} (29...
Rxf6 $16 {is more resistant.} 30. Rxf6 Qxf6) 30. Ne5 $1 Qd6 (30... Re8 $142 31.
Nxg6 (31. Nxc6 Bxc6 32. Qf4 Re5 $16) 31... Rxf6 32. Rxf6 Qxf6 33. Nf4+ Kh8 34.
Qxe3 Qh4+ 35. Kg1 Rc8) 31. Qg5 {Black must now prevent Nxg6.} Re8 32. Nxg6 {
Weighted Error Value: White=0.25/Black=0.74} 1-0

[Event "FIDE Chesscom Grand Swiss 2021"]
[Site "Riga"]
[Date "2021.11.01"]
[Round "6.20"]
[White "Chigaev, Maksim"]
[Black "Grandelius, Nils"]
[Result "1/2-1/2"]
[WhiteElo "2639"]
[BlackElo "2662"]
[Annotator "TA"]
[PlyCount "61"]
[EventDate "2021.10.27"]
[EventType "swiss"]
[EventCountry "LAT"]
[Tiebreak "Cut1 Buchholz+Sonneborn-Berger (Swiss)"]
[SourceTitle "playchess.com"]
[Source "ChessBase"]
[SourceQuality "1"]

{[%evp 11,61,20,17,23,44,37,43,39,85,25,32,21,43,40,39,31,46,51,60,55,54,59,56,
0,0,0,0,0,0,0,4,0,12,0,0,0,0,0,0,0,0,0,0,0,0,0,0,0,0,0,0,0]} 1. e4 e5 2. Nf3
Nc6 3. Bb5 a6 4. Ba4 Nf6 5. Nc3 b5 6. Bb3 Bc5 7. Nd5 {[#] C77: Ruy Lopez: 3...
a6 4 Ba4 Nf6, unusual lines.} Na5 $146 ({Predecessor:} 7... d6 8. d3 h6 9. a4
Rb8 10. axb5 axb5 11. Be3 Bxe3 12. Nxe3 Be6 13. c3 O-O 14. O-O d5 {1/2-1/2 (84)
Bartel,M (2638)-Yilmaz,M (2630) Chess.com INT 2020}) 8. Nxe5 {aiming for Nxf6+.
} d6 {[#]} 9. d4 {White is slightly better.} Nxb3 {[#]} (9... dxe5 10. Nxf6+)
10. axb3 (10. Nc6 $1 $16 {[%cal Rc6d8]} Qd7 11. axb3) 10... dxe5 $11 11. Nxf6+
gxf6 12. dxc5 Qxd1+ 13. Kxd1 Rg8 14. g3 Bg4+ 15. Kd2 Bf3 16. Re1 Rg4 17. b4 ({
White should play} 17. Re3 $1 $14 O-O-O+ 18. Rd3) 17... Rxe4 {The position is
equal.} 18. Rxe4 Bxe4 {[%mdl 4096] Endgame KRB-KRB} 19. Kc3 Bb7 20. b3 Ke7 21.
Be3 Ke6 22. Kb2 Bd5 23. Rc1 Rb8 24. Ra1 Ra8 25. Rc1 Rb8 26. Ra1 Ra8 27. Rc1 Rb8
28. Ra1 Ra8 29. Rc1 Rb8 30. Ra1 Ra8 31. Kc3 {Weighted Error Value: White=0.07/
Black=0.04} 1/2-1/2

[Event "FIDE Chesscom Grand Swiss 2021"]
[Site "Riga"]
[Date "2021.11.01"]
[Round "6.21"]
[White "Dreev, Aleksey"]
[Black "Anton Guijarro, David"]
[Result "0-1"]
[WhiteElo "2635"]
[BlackElo "2658"]
[Annotator "TA"]
[PlyCount "80"]
[EventDate "2021.10.27"]
[EventType "swiss"]
[EventCountry "LAT"]
[Tiebreak "Cut1 Buchholz+Sonneborn-Berger (Swiss)"]
[SourceTitle "playchess.com"]
[Source "ChessBase"]
[SourceQuality "1"]

{[%evp 19,80,0,10,-12,27,25,25,16,12,25,25,0,15,33,22,22,73,93,105,110,116,110,
130,64,121,110,220,189,197,199,206,60,52,59,87,50,182,193,170,120,194,116,128,
142,124,-4,14,-45,95,-38,-25,-1136,-1122,-29967,-29968,-11460,-11460,-5306,
-5306,-29982,-29983,-29983,-29984]} 1. d4 Nf6 2. c4 e6 3. Nc3 Bb4 4. Qc2 O-O 5.
a3 Bxc3+ 6. Qxc3 d6 7. Nf3 b6 8. g3 Bb7 9. Bg2 Nbd7 10. O-O c5 11. b3 {E32:
Nimzo-Indian: Classical (4 Qc2): 4...0-0.} a5 12. Rd1 {[#]} Qc7 $146 ({
Predecessor:} 12... Qe7 13. Bb2 d5 14. cxd5 Bxd5 15. Ne5 Bxg2 16. Nxd7 Qxd7 17.
Kxg2 Rfc8 18. Qf3 Qd5 19. dxc5 Qxf3+ 20. Kxf3 bxc5 21. Bxf6 gxf6 {1/2-1/2 (31)
Seo,J (2386)-Stupak,K (2547) Stockholm 2019}) 13. a4 {White has an edge.} Rac8
14. Bb2 d5 15. dxc5 bxc5 16. cxd5 exd5 17. e3 Qb6 (17... Rfe8 $1 $11) 18. Nh4
$16 Qe6 19. Qxa5 Ne4 20. Qe1 Rfe8 21. Qe2 (21. b4 $16) 21... g5 (21... Ndf6 $14
) 22. Nf3 $1 Qf5 (22... Ba6 $16 23. Qc2 g4) 23. b4 cxb4 {[#]} 24. Nd4 $1 {
[%cal Rd4f5]} Qf6 25. Bh3 (25. Bxe4 $18 Rxe4 26. Qb5 {[%mdl 64] Double Attack})
25... Ne5 $14 26. Bxc8 Bxc8 27. f3 Nd6 (27... Ba6 $14 28. Qg2 Nc5) 28. Nb5 $18
Nxf3+ 29. Kh1 Ne5 30. Rf1 ({Better is} 30. Nc7 $18 Rd8 31. Nxd5 {[%mdl 64]
Double Attack}) 30... Qe7 $16 31. Nxd6 Qxd6 {[#]} 32. Bd4 (32. Qh5 $1 $16)
32... Qg6 33. Bxe5 ({White should try} 33. Qg2 $11) 33... Rxe5 (33... Ba6 $15 {
keeps the upper hand.} 34. Qg4 Bxf1 35. Rxf1 Rxe5 36. Qxb4 Rxe3) 34. Qf3 (34.
Qd2 $16) 34... Bh3 $15 {And now ...Rf5! would win.} 35. a5 $2 {[%mdl 8192]} (
35. Rfe1 $11 Bf5 36. Qd1) 35... Rf5 $19 36. Qe2 Rxf1+ 37. Rxf1 Bxf1 38. Qxf1 b3
{[%cal Bb4b3,Bb3b2][%mdl 32]} 39. a6 b2 40. a7 Qe4+ {[%mdl 64] Double Attack. 
Weighted Error Value: White=0.83/Black=0.26} 0-1

[Event "FIDE Chesscom Grand Swiss 2021"]
[Site "Riga"]
[Date "2021.11.01"]
[Round "6.22"]
[White "Keymer, Vincent"]
[Black "Oparin, Grigoriy"]
[Result "1/2-1/2"]
[WhiteElo "2630"]
[BlackElo "2654"]
[Annotator "TA"]
[PlyCount "67"]
[EventDate "2021.10.27"]
[EventType "swiss"]
[EventCountry "LAT"]
[Tiebreak "Cut1 Buchholz+Sonneborn-Berger (Swiss)"]
[SourceTitle "playchess.com"]
[Source "ChessBase"]
[SourceQuality "1"]

{[%evp 30,67,32,36,66,54,51,41,45,40,51,0,0,6,7,0,8,8,5,6,3,4,8,8,8,8,5,1,1,1,
3,0,2,1,7,0,0,0,0,0]} 1. d4 Nf6 2. c4 g6 3. Nc3 d5 4. cxd5 Nxd5 5. e4 Nxc3 6.
bxc3 Bg7 7. Bc4 O-O 8. Ne2 c5 9. O-O Nc6 10. Be3 Bg4 11. f3 Na5 12. Bxf7+ Rxf7
13. fxg4 Rxf1+ 14. Kxf1 Qd6 15. Kg1 Qe6 16. Qd3 Qc4 {D87: Exchange Grünfeld:
Classical Line: Variations without ...cxd4.} 17. Qxc4+ Nxc4 18. Bf2 cxd4 {
White is slightly better.} 19. cxd4 e5 {[#]} 20. Rc1 $146 ({Predecessor:} 20.
d5 b5 21. h4 Bf8 22. Rc1 Ba3 23. Rc2 Nd6 24. Ng3 a5 25. Rc6 a4 26. Kf1 {
1/2-1/2 (51) Le,Q (2693)-Sutovsky,E (2687) Amsterdam 2012}) 20... Nd6 {The
position is equal.} 21. Bg3 Re8 22. Rc7 (22. Re1 {with more complications.}
Nxe4 23. Bxe5 Bxe5 24. dxe5 Kf8 25. h3) 22... Nxe4 23. Bxe5 ({And not} 23. Rxb7
exd4 24. Nf4 Nc5 $19) 23... Bxe5 24. dxe5 Rxe5 25. Rxb7 $11 {[%mdl 4096]
Endgame KRN-KRN} Rd5 {[%cal Rd5d1]} 26. h3 Rd2 {[%mdl 64] [#] Double Attack}
27. Nf4 Rxa2 28. Ne6 a5 29. g5 {aiming for Rg7+.} Ng3 30. Rg7+ Kh8 31. Ra7 {
[%cal Ra7a8] [#]} Kg8 $1 32. Rg7+ Kh8 33. Rd7 {[%cal Rd7d8]} Kg8 $1 34. Rg7+ {
Weighted Error Value: White=0.05/Black=0.03} 1/2-1/2

[Event "FIDE Chesscom Grand Swiss 2021"]
[Site "Riga"]
[Date "2021.11.01"]
[Round "6.23"]
[White "Volokitin, Andrei"]
[Black "Hovhannisyan, Robert"]
[Result "1/2-1/2"]
[WhiteElo "2652"]
[BlackElo "2622"]
[Annotator "TA"]
[PlyCount "61"]
[EventDate "2021.10.27"]
[EventType "swiss"]
[EventCountry "LAT"]
[Tiebreak "Cut1 Buchholz+Sonneborn-Berger (Swiss)"]
[SourceTitle "playchess.com"]
[Source "ChessBase"]
[SourceQuality "1"]

{[%evp 10,61,7,26,26,12,29,37,33,30,78,11,21,21,30,14,16,17,4,13,27,8,50,50,50,
50,66,60,87,85,76,17,20,11,80,73,75,77,83,74,79,35,60,15,14,0,0,0,0,0,0,0,0,0]
} 1. e4 e5 2. Nf3 Nc6 3. Bc4 Bc5 4. O-O Nf6 5. d3 d6 6. c3 a5 {C54: Giuoco
Piano: 4 c3 Nf6, main lines with 5 d4 and 5 d3.} 7. Re1 {[#]} Be6 $146 ({
Predecessor:} 7... O-O 8. h3 h6 9. Bb5 Ba7 10. Nbd2 Ne7 11. d4 Ng6 12. a4 c6
13. Bd3 Re8 14. Bc2 {1-0 (36) Firouzja,A (2754)-Tari,A (2642) Stavanger 2021})
8. Bb5 {Black must now prevent d4.} O-O {White is slightly better.} 9. d4 Bb6
10. Bg5 ({White should play} 10. d5 $16) 10... h6 11. Bh4 exd4 12. cxd4 Bg4 13.
Bxc6 bxc6 14. Nc3 g5 15. Bg3 Bxf3 16. Qxf3 Bxd4 17. Rad1 Bxc3 18. Qxc3 Re8 19.
e5 Nh5 20. exd6 (20. Qxc6 $16 {[%cal Re5d6]} Nxg3 21. hxg3) 20... Rxe1+ $1 $11
21. Rxe1 Nxg3 (21... cxd6 $11 {keeps the balance.} 22. Qxc6 Nxg3 23. hxg3 Rc8)
22. dxc7 $16 ({But not} 22. fxg3 $6 cxd6 23. Qxc6 Rc8 $11) ({Much weaker is} 
22. hxg3 Qxd6 23. Rc1 a4 $11) (22. Qxc6 cxd6 23. hxg3 Rc8 $11) 22... Ne2+ 23.
Rxe2 Qxc7 {[%mdl 4096] Endgame KQR-KQR} 24. g3 Qd6 25. Re5 a4 26. Rc5 Rb8 {
The position is equal.} 27. Rxc6 Qd1+ 28. Kg2 Qd5+ {[%mdl 64] [#] Double Attack
} 29. Kg1 Qd1+ 30. Kg2 Qd5+ {[%mdl 64] Double Attack} 31. Kg1 {Weighted Error
Value: White=0.17/Black=0.14} 1/2-1/2

[Event "FIDE Chesscom Grand Swiss 2021"]
[Site "Riga"]
[Date "2021.11.01"]
[Round "6.25"]
[White "Indjic, Aleksandar"]
[Black "Alekseenko, Kirill"]
[Result "1/2-1/2"]
[WhiteElo "2612"]
[BlackElo "2710"]
[Annotator "TA"]
[PlyCount "121"]
[EventDate "2021.10.27"]
[EventType "swiss"]
[EventCountry "LAT"]
[Tiebreak "Cut1 Buchholz+Sonneborn-Berger (Swiss)"]
[SourceTitle "playchess.com"]
[Source "ChessBase"]
[SourceQuality "1"]

{[%evp 20,121,1,-17,-25,-19,-8,-30,-31,-60,-39,-63,-62,-58,-60,-57,-33,-38,-34,
-47,-45,-74,-47,-68,-47,-48,-46,-59,-47,-72,-39,-47,-39,-44,0,0,0,-39,0,-56,
-51,-67,-53,-53,-37,-30,-25,-52,-25,-46,0,0,0,0,0,-38,-23,-23,-23,-50,-23,-27,
0,0,0,0,0,0,0,0,0,-23,0,-63,-13,-16,0,0,0,-52,-52,-52,-52,-52,-52,-52,-52,-52,
-15,-35,-35,-45,0,-5,-5,-5,0,-5,0,0,0,-5,0,0]} 1. d4 Nf6 2. c4 e6 3. Nc3 Bb4 4.
Nf3 b6 5. Bg5 Bb7 6. e3 h6 7. Bh4 g5 8. Bg3 Ne4 9. Qc2 Bxc3+ 10. bxc3 d6 11.
Nd2 Nxg3 {E13: Queen's Indian/Nimzo-Indian hybrid: 4 Nc3 Bb7 5 Bg5 h6 6 Bh4
Bb4.} 12. hxg3 Nd7 13. a4 a5 {Black has an edge.} 14. e4 Qe7 15. Bd3 h5 {[#]}
16. O-O-O $146 ({Predecessor:} 16. f3 O-O-O 17. O-O-O Rdg8 18. Nb3 g4 19. f4 h4
20. gxh4 Rxh4 21. g3 Rh3 22. Rhg1 {0-1 (72) Hayrapetyan,H (2426)-Sjugirov,S 
(2664) St Petersburg 2014}) 16... O-O-O 17. Nf1 Rh6 18. Ne3 Rdh8 19. Rhe1 h4
20. gxh4 Rxh4 21. g3 Rh3 22. Kb2 Kb8 23. Ka2 Ka7 24. Kb2 Qf6 25. Qe2 e5 26. Bc2
c5 {[%cal Re5d4]} 27. dxe5 Nxe5 28. Rd2 (28. Nf5 $5 {[%cal Rd1d6]} Qe6 29. Nxd6
$11) 28... Bc8 29. Red1 ({White should play} 29. Nf5 $11) 29... Rh2 $15 30. Nf5
Be6 31. Bb3 ({Of course not} 31. Rxd6 Rxf2 32. Rxe6 Rxe2 $17) (31. Nxd6 $2 Bg4
$19) 31... Bxf5 32. exf5 Qxf5 33. Bc2 Qe6 34. Kb3 Rd8 (34... b5 $5 35. axb5 {
[#]} Nxc4 $1 {[%mdl 512]} 36. Qxe6 (36. Qxc4 $2 a4+ 37. Kb2 Qxc4 $19) 36...
Nxd2+ 37. Rxd2 fxe6 38. Rxd6 c4+ {[%mdl 64] Decoy} 39. Kxc4 Rc8+ 40. Kd4 e5+ {
[%mdl 64] Decoy} 41. Kxe5 Rc5+ 42. Kd4 Rxb5 $15) 35. Rd5 f6 36. R1d2 g4 37. Qe3
Rh5 38. Qf4 Kb8 39. Kb2 Kc7 40. Kb3 Qe7 41. Bf5 Rg5 42. Rd1 Qf7 43. Rh1 Rh5 44.
Rhd1 Rh2 45. R5d2 Qg8 46. Re2 (46. Qe4 $11) 46... Qg5 47. Be6 Rhh8 48. Re4 Rh2
(48... Qxf4 {is interesting.} 49. Rxf4 f5 50. Bxf5 Rdf8 51. Be4 Rxf4 52. gxf4
Nd7) 49. Bxg4 (49. Re2 $11) 49... Qxg4 ({Inferior is} 49... Nxg4 50. Re7+ Kc8
51. Qe4 Qd5 52. Qxd5 Rd7 53. Qc6+ Kb8 54. Rxd7 Nxf2 55. Qb7#) 50. Qxg4 Nxg4 51.
Rxg4 Rxf2 $11 {[%mdl 4096] Endgame KRR-KRR} 52. Rh1 Kc6 53. Re4 d5 54. cxd5+
Kxd5 55. Rg4 {[#] Strongly threatening Rd1+.} Ke5 56. Rg7 {The position is
equal.} Rd3 57. Re1+ Kd6 {aiming for ...Rff3.} 58. Rg8 {Rd8+ is the strong
threat.} Kd7 {And now ...Rff3 would win.} 59. Rg7+ Kd6 60. Rg8 {Black must now
prevent Rd8+.} Kd7 {Hoping for ...Rff3.} 61. Rg7+ {Weighted Error Value:
White=0.13/Black=0.12} 1/2-1/2

[Event "FIDE Chesscom Grand Swiss 2021"]
[Site "Riga"]
[Date "2021.11.01"]
[Round "6.26"]
[White "Fedoseev, Vladimir"]
[Black "Pichot, Alan"]
[Result "1-0"]
[WhiteElo "2704"]
[BlackElo "2628"]
[Annotator "TA"]
[PlyCount "75"]
[EventDate "2021.10.27"]
[EventType "swiss"]
[EventCountry "LAT"]
[Tiebreak "Cut1 Buchholz+Sonneborn-Berger (Swiss)"]
[SourceTitle "playchess.com"]
[Source "ChessBase"]
[SourceQuality "1"]

{[%evp 17,75,32,58,14,19,16,16,10,20,16,20,21,18,-4,16,13,26,-19,4,0,163,166,
175,169,179,182,294,279,341,337,356,347,326,268,260,234,263,255,295,244,423,
373,418,327,516,532,757,752,718,720,853,823,826,318,302,293,397,397,760,760]} 
1. e4 e5 2. Nf3 Nc6 3. Bb5 a6 4. Ba4 Nf6 5. O-O b5 6. Bb3 Bc5 7. a4 Rb8 8. c3
d6 9. d4 Bb6 10. a5 {C78: Ruy Lopez: Archangelsk and Möller Defences.} Ba7 ({
Avoid the trap} 10... Bxa5 $2 11. dxe5 (11. d5 Ne7 $18) 11... dxe5 12. Qxd8+
Kxd8 13. Bd5 $18 (13. Bxf7 Bb6 $16)) 11. h3 Bb7 12. Re1 {The position is equal.
} O-O 13. Bg5 h6 14. Bh4 g5 15. Bg3 Re8 {Threatening ...exd4.} 16. dxe5 Nxe5
17. Bc2 {[#]} Nc4 $146 {[%cal Rf6e4]} ({Predecessor:} 17... Nh5 18. Bh2 Nxf3+
19. Qxf3 Qf6 20. Nd2 Nf4 21. Kh1 Kg7 22. Nf1 Ng6 23. Qxf6+ Kxf6 {1-0 (93)
Warmerdam,M (2475)-Georgescu,L (2200) Teplice 2019}) 18. b3 Nxe4 $2 {Black is
now going downhill.} (18... Ne5 $1 $11) 19. Bxe4 $18 Bxe4 20. bxc4 bxc4 21.
Nbd2 Bd3 (21... Bd5 {was worth a try.} 22. Qa4 Re6 23. Nxc4 Qe8) 22. Qa4 Rb5
23. Nxc4 Rxe1+ 24. Rxe1 Qf6 25. Rc1 h5 26. Ncd2 h4 {[#]} 27. Bh2 Rb2 {and if ..
.Rxd2 works, Black does fine.} 28. Kh1 Qf5 $2 (28... Bxf2 29. Qd7 Kh7) 29. Bg1
Kg7 30. Qa1 Qb5 (30... Rb8 $142 31. Re1 Bc5) 31. Re1 Kf8 32. c4 Qb4 33. Ne4
Bxe4 34. Rxe4 Bxf2 35. c5 $2 Qxe4 36. Qxb2 Bxg1 37. cxd6 {[%cal Rb2h8] [#]} ({
Less strong is} 37. Kxg1 Qe3+ 38. Qf2 Qc1+ 39. Kh2 Qf4+ 40. g3 Qf5 $18) (37.
Nxg1 Qc6 $16) 37... Bd4 (37... cxd6 38. Kxg1 Qc4) 38. Qxd4 {[%cal Rd4h8]
Weighted Error Value: White=0.28/Black=0.58} 1-0

[Event "FIDE Chesscom Grand Swiss 2021"]
[Site "Riga"]
[Date "2021.11.01"]
[Round "6.27"]
[White "Eljanov, Pavel"]
[Black "Brkic, Ante"]
[Result "1-0"]
[WhiteElo "2691"]
[BlackElo "2621"]
[Annotator "TA"]
[PlyCount "73"]
[EventDate "2021.10.27"]
[EventType "swiss"]
[EventCountry "LAT"]
[Tiebreak "Cut1 Buchholz+Sonneborn-Berger (Swiss)"]
[SourceTitle "playchess.com"]
[Source "ChessBase"]
[SourceQuality "1"]

{[%evp 9,73,19,18,13,16,12,12,16,16,8,24,18,28,25,37,4,34,16,37,37,39,42,38,33,
48,54,67,0,0,0,24,12,31,16,50,46,41,43,47,42,100,83,101,90,116,103,135,132,163,
158,172,158,182,187,229,225,492,493,490,499,479,430,442,433,1073,1043]} 1. e4
c5 2. Nf3 d6 3. Bb5+ Nd7 4. d4 cxd4 5. Nxd4 Ngf6 6. Bd3 {B51: Sicilian: Moscow
Variation (3 Bb5+) without 3...Bd7.} Nc5 7. Nc3 {[#]} g6 $146 ({Predecessor:} 
7... a6 8. O-O g6 9. Nb3 Nxd3 10. cxd3 Bg7 11. a4 Bg4 12. f3 Qb6+ 13. d4 Be6 {
1/2-1/2 (32) Tari,A (2625)-Duda,J (2743) Wijk aan Zee 2021}) 8. f3 {The
position is equal.} Bg7 9. Be3 O-O 10. Be2 Bd7 11. Qd2 Qa5 12. a4 {[%cal Ba2a4,
Ba4a5][%mdl 32]} a6 13. O-O Rac8 14. Rfb1 {b4 is the strong threat.} Ne6 15.
Nb3 Qc7 16. a5 Nc5 17. Nxc5 dxc5 18. Na4 Bxa4 19. Rxa4 Rfd8 20. Qe1 Nd7 21. Kh1
Nf8 22. c3 Nd7 23. f4 Nf6 24. Rba1 e5 (24... Qc6 $14) 25. f5 $16 gxf5 26. exf5
e4 27. Qh4 Qd7 28. Bg5 Rc6 {[#]} 29. Rf1 $1 Re8 30. Raa1 Rd6 31. Bf4 Rd5 {[#]}
32. Bc4 $1 Rxf5 $2 (32... Rd6 {was worth a try.} 33. Bxd6 Qxd6) 33. g4 $18 {
White is clearly winning.} Rxf4 34. Rxf4 Qc6 35. Kg1 Kh8 36. Raf1 {[%cal Rf4f6]
} Nd5 (36... Nd7 $142 37. Bxf7 (37. Rxf7 Ne5 $16) 37... Rb8) 37. Rxf7 {
Weighted Error Value: White=0.04/Black=0.20} 1-0

[Event "FIDE Chesscom Grand Swiss 2021"]
[Site "Riga"]
[Date "2021.11.01"]
[Round "6.29"]
[White "Gukesh D"]
[Black "Sadhwani, Raunak"]
[Result "0-1"]
[WhiteElo "2640"]
[BlackElo "2609"]
[Annotator "TA"]
[PlyCount "118"]
[EventDate "2021.10.27"]
[EventType "swiss"]
[EventCountry "LAT"]
[Tiebreak "Cut1 Buchholz+Sonneborn-Berger (Swiss)"]
[SourceTitle "playchess.com"]
[Source "ChessBase"]
[SourceQuality "1"]

{[%evp 12,118,18,19,19,6,13,16,8,6,12,18,13,0,6,-8,0,0,42,29,40,40,40,40,29,32,
25,7,7,8,7,16,9,10,15,4,25,0,0,-74,-75,-64,-65,-70,-13,-79,-75,-89,-61,-66,-70,
-77,-85,-78,-84,-166,-157,-181,-185,-178,-171,-170,-148,-177,-143,-136,-138,
-212,-212,-222,-220,-345,-345,-337,-337,-345,-345,-345,-345,-345,-345,-345,
-345,-345,-345,-345,-345,-337,-330,-612,-598,-536,-535,-908,-882,-877,-359,
-1108,-877,-29978,-1239,-1014,-974,-838,-736,-7429,-5046,-4627,-4627]} 1. d4
Nf6 2. c4 e6 3. Nf3 d5 4. Nc3 Bb4 5. Qa4+ Nc6 6. e3 O-O 7. Bd2 dxc4 {D38:
Queen's Gambit Declined: Ragozin Defence (4 Nf3 Bb4).} 8. Bxc4 Bd6 9. Qc2 e5 {
The position is equal.} 10. dxe5 Nxe5 11. Nxe5 Bxe5 12. O-O Re8 {[#]} 13. h3
$146 ({Predecessor:} 13. Qb3 Be6 14. Bxe6 fxe6 15. Rad1 b6 16. Ne2 Qd5 17. Qxd5
exd5 18. Bc3 Bxc3 19. Nxc3 Rad8 20. Rd2 {1-0 (58) Liebeck,E (1273)-Faal,M 
(1169) Oberhof 2012}) 13... Be6 14. Bd3 Qd7 15. Rad1 Rad8 16. Be1 {Hoping for
Bxh7+!} Qe7 17. f4 Bxc3 18. Bxc3 Qc5 19. Rf3 {next Rg3 is good for White.} Bf5
$1 20. Bxf5 Rxd1+ 21. Qxd1 Qxf5 22. Rg3 h6 23. Kh2 c6 24. Be5 g6 25. Qd4 (25.
Rf3 $11 {remains equal.}) 25... Ne4 $1 $17 {Strongly threatening ...f6.} 26.
Rf3 f6 27. Bc7 b6 (27... c5 $15 28. Qa4 Re7) 28. Qa4 (28. Rf1 $1 $11 {keeps
the balance.}) 28... Re7 $1 {[%cal Re7c7]} 29. Bb8 Qc8 30. Be5 Nc5 $36 {
[%cal Rc5a4][%mdl 2048] Black has some pressure.} 31. Qc4+ Qe6 32. Qxe6+ Rxe6 {
[%mdl 4096] Endgame KRB-KRN} 33. Bc3 (33. Bb8 $17 {was called for.}) 33... Ne4
$1 $19 34. f5 gxf5 35. Be1 Re5 36. Rf4 Kf7 37. Kg1 Rd5 38. Kf1 Rd1 39. g4 (39.
Ke2 $17 {keeps fighting.} Rb1 40. b4) 39... Nc5 $1 40. Rxf5 {[#]} Rb1 $1 41. h4
(41. b3 $142) 41... Nd3 {[%mdl 64] Double Attack} (41... Rxb2 42. Rxf6+ Kxf6
43. Bc3+ Ke6 44. Bxb2 $11) 42. Ke2 {Bc3 is the strong threat.} Nxe1 {KRN-KR}
43. g5 hxg5 (43... Rxb2+ 44. Kxe1 hxg5 45. hxg5 $17) 44. hxg5 Nc2 ({Weaker is} 
44... Rxb2+ 45. Kxe1 c5 46. Rxf6+ Kg7 47. a3 $17) 45. Rxf6+ Kg7 46. Rxc6 Rxb2
47. Rc7+ Kg6 48. Rxa7 Nb4+ ({But not} 48... Kxg5 49. Kd3 $19) 49. Kf3 Nxa2 ({
Much less strong is} 49... Rxa2 50. Rb7 $19) 50. Kf4 $2 (50. Ke4) 50... Nc3 51.
Ra8 Rb4+ 52. Ke5 Re4+ 53. Kd6 Rc4 (53... Kxg5 $142 54. Rg8+ Kf5 55. Rf8+ Kg4)
54. Rg8+ $2 (54. e4) 54... Kf5 55. g6 b5 (55... Nb5+ $142 56. Ke7 Rc7+ 57. Kd8
Ke6 58. Rf8 Rb7 59. Re8+ Kd6 60. Kc8 Rd7 61. Kb8 Na7 62. Rc8 Nxc8 63. Kxc8 b5
64. Kb8 b4 65. Ka8 b3 66. g7 Rxg7 67. e4 b2 68. e5+ Kc6 69. e6 b1=Q 70. e7 Qb7#
) 56. Ke7 {Black is clearly winning.} b4 57. g7 {[#]} Kg6 $1 58. Ke6 Rc6+ 59.
Ke5 Rb6 {Weighted Error Value: White=0.52/Black=0.13} 0-1